000 00294nam a22001337a 4500
082 _a823
_bSAS/W
100 _aSASI, MADAVOOR
245 _aWISDOM IS STRENGTH
260 _aTHRISSUR
_bH&C
300 _a48
520 _aENGLISH SHORT STORY
650 _aENGLISH SHORT STORY
_zKERALA
942 _cBK
999 _c5820
_d5820